|
|
|
|
| LEADER |
00000nam2a2200000 4500 |
| 001 |
346432 |
| 005 |
20231102005902.0 |
| 035 |
|
|
|a (RuTPU)RU\TPU\book\378313
|
| 035 |
|
|
|a RU\TPU\retro\17740
|
| 090 |
|
|
|a 346432
|
| 100 |
|
|
|a 20210910d1973 km y0rusy50 ca
|
| 101 |
0 |
|
|a rus
|
| 102 |
|
|
|a RU
|
| 105 |
|
|
|a a z 001zy
|
| 200 |
0 |
|
|a Вып. 3
|f под ред. С. Ю. Лукьянова
|
| 210 |
|
|
|d 1973
|
| 215 |
|
|
|a 560 с.
|c ил.
|
| 320 |
|
|
|a Библиография в конце статей
|
| 461 |
|
1 |
|0 (RuTPU)RU\TPU\book\101063
|t Диагностика плазмы
|o сборник статей
|v Вып. 3
|d 1963-
|
| 606 |
1 |
|
|a Плазма
|x Диагностика
|2 stltpush
|3 (RuTPU)RU\TPU\subj\48894
|9 67712
|
| 610 |
1 |
|
|a исследование
|
| 610 |
1 |
|
|a оптические методы
|
| 610 |
1 |
|
|a корпускулярные методы
|
| 610 |
1 |
|
|a микроволновые методы
|
| 610 |
1 |
|
|a плазменные эксперименты
|
| 610 |
1 |
|
|a анализ
|
| 610 |
1 |
|
|a корреляционные методы
|
| 610 |
1 |
|
|a результаты
|
| 610 |
1 |
|
|a автоматизированная обработка
|
| 610 |
1 |
|
|a зондовые методы
|
| 675 |
|
|
|a 533.9.08
|v 4
|
| 702 |
|
1 |
|a Лукьянов
|b С. Ю.
|4 340
|
| 801 |
|
1 |
|a RU
|b 63413507
|c 20210402
|
| 801 |
|
2 |
|a RU
|b 63413507
|c 20210910
|g RCR
|
| 942 |
|
|
|c BK
|